Responses for Show #1012 - Tuesday, January 17, 1989

Peggi Malys game 5.

Contestants

[<< previous game]

Tim Raetzloff, a stock broker from Edmonds, Washington

Tanya Palmer, a media buyer from Kansas City

Peggi Malys, a medical student from Orlando, Florida (whose 4-day cash winnings total $36,800)

[next game >>]

Jeopardy! Round responses

MONARCHS
WORDS
RHINOS & HIPPOS
TECHNOLOGY
ITALIAN FOOD
BEATLES SONGS
(Alex: We will play the music; you give the title.)
    $100 1
Ferdinand & Isabella

Tanya
    $100 13
piƱa colada

Tim
    $100 11
black & white

Tanya
    $100 14
aluminum

Tim
    $100 24
rice

Tanya
    $100 6
"Michelle"

Tanya
    $200 2
Haile Selassie

Peggi
    $200 17
(Alex: Yes, it's a boot.)

buskin

Peggi
    $200 12
(Tim: What are their horns?)
(Tanya: What is their hoofs?)

teeth

TanyaTim
Triple Stumper
    $200 15
elevators & escalators

Peggi
    $200 25
[The end-of-round signal sounds.]

omelet

Peggi
    $200 7
"Eleanor Rigby"

Tanya
    $300 3
First World War

Tim
    $300 18
wrangler

Tanya
    $300 16
nose tusks (horns)

Tanya
    $300 21
Brooklyn Bridge

Tim
    $300 8
(Alex: Boy, you must have been a big Beatles fan.)
(Tanya: I was.)
[The song was played again going into the break.]

"Help!"

Tanya
    $400 4
Catherine the Great

Tanya
    $400 19
(Alex: We've got a minute to go in the round.)

testator

Triple Stumper
    $400 22
nicotine

Tanya
    $400 9
"I Saw Her Standing There"

Tanya
    $500 5
Henry VIII

Tanya
    $500 20
pastor

Tanya
    $500 23
adobe

Tanya
    $500 10
(Alex: [after the clue selection and before the music plays] Tim &
Peggi, jump in anytime.)
[Laughter]
(Tanya: What is "Ticket to Ride"?)

"Day Tripper"

PeggiTanya

Scores at the first commercial break (after clue 10):

Peggi Tanya Tim
$700 $1,500 $300

Scores at the end of the Jeopardy! Round:

Peggi Tanya Tim
$1,300 $3,500 $600

Double Jeopardy! Round responses

FAMOUS LAWYERS
THEATER
WORLD LEADERS
BOOKS & AUTHORS
AMERICAN HISTORY
"DD"
    $200 19
Geraldine Ferraro

Tanya
    $200 14
Equus

Tanya
    $200 1
(Peggi: What is China?)

Russia (Soviet Union)

PeggiTanya
    $200 9
(Nathaniel) Hawthorne

Peggi
    $200 7
Pacific

Tim
    $200 6
giddyup

Triple Stumper
    $400 20
Ralph Nader

Tanya
    $2,000 15
The Glass Menagerie

Tanya
    $400 2
(Muammar) Gaddafi

Tim
    $400 10
(William) Styron

Peggi
    $400 8
Vietnam

Peggi
    $400 27
midday

Tanya
    $600 21
(Daniel) Inouye

Tim
    $600 16
Who's Afraid of Virginia Woolf?

Tanya
    $600 3
El Salvador

Tim
    $600 11
Jane Brody

Tanya
    $600 22
Great Blackout, New York City Blackout

Tim
    $600 28
faddist

Tim
    $800 25
(Alex: We've got a minute left in the round.)

Melvin Belli

Tanya
    $800 17
Henry Fonda

Tanya
    $1,600 4
Chou En-lai

Tim
    $800 12
(Tanya: Who is Rex Stout?)

Ellery Queen

Tanya
Triple Stumper
    $800 23
Daniel Boone

Tim
    $800 29
[End of the round signals]

Jeddah

Tim
    $1000 26
(William) Kunstler

Tanya
    $1000 18
[Applause]

I Remember Mama

Tanya
    $1000 5
Pinochet

Tim
    $1000 13
(Joseph) Wambaugh

Tanya
    $1000 24
(Leland) Stanford

Tanya

Scores at the end of the Double Jeopardy! Round:

Peggi Tanya Tim
$2,100 $12,900 $7,800

[wagering suggestions for these scores]

Final Jeopardy! Round responses

ASIA
PeggiWhat is Indonesia?
$2,100
TimWhat is Sri Lanka
$7,800
TanyaWhat is Maylaysia?
$2,701
Singapore

Final scores:

Peggi Tanya Tim
$0 $10,199 $0
3rd place: Meade 97E Landview telescope + Jeopardy! box game or Jeopardy! Challenger New champion: $10,199 2nd place: La-Z-Boy sleep sofa & Code-A-Phone 5530 answering device & 8410 phone + Jeopardy! box game or Jeopardy! Challenger

Game dynamics:

Coryat scores:

Peggi Tanya Tim
$2,100 $11,300 $7,000
8 R,
1 W
28 R
(including 2 DDs),
3 W
14 R
(including 1 DD),
1 W

Combined Coryat: $20,400

[game clues] [game scores] [suggest correction]

Game tape date: 1988-10-11
The J! Archive is created by fans, for fans. Scraping, republication, monetization, and malicious use prohibited; this site may use cookies and collect identifying information. See terms. The Jeopardy! game show and all elements thereof, including but not limited to copyright and trademark thereto, are the property of Jeopardy Productions, Inc. and are protected under law. This website is not affiliated with, sponsored by, or operated by Jeopardy Productions, Inc. Join the discussion at JBoard.tv.